[Event "Festival de Xadrez Americana SP 2007"]
[Site "Sao Paulo BRA"]
[Date "2007.12.07"]
[Round "5.3"]
[White "Mekhitarian, Krikor"]
[Black "Tsuboi, Edson"]
[Result "1/2-1/2"]
[WhiteElo "2428"]
[BlackElo "2334"]
[PlyCount "50"]
[EventDate "2007.12.04"]
[EventType "tourn"]
[EventRounds "9"]
[EventCountry "BRA"]
[EventCategory "7"]
[Source "lmi"]
[SourceDate "2007.12.04"]

1. e4 e6 2. d4 d5 3. Nc3 Nf6 4. Bg5 dxe4 5. Nxe4 Be7 6. Bxf6 Bxf6 7. Nf3 Nd7 8.
Qd2 O-O 9. O-O-O b6 10. Bd3 Bb7 11. Qf4 c5 12. dxc5 bxc5 13. c3 Qa5 14. Bb1 Bd5
15. Nxf6+ Nxf6 16. c4 Bxf3 17. gxf3 Rfd8 18. Rhg1 Rxd1+ 19. Rxd1 Rd8 20. Rxd8+
Qxd8 21. Qe5 Qb6 22. Bd3 Nd7 23. Qe3 Qd6 24. f4 g6 25. Be2 Kf8 1/2-1/2

[Event "Festival de Xadrez Americana SP 2007"]
[Site "Sao Paulo BRA"]
[Date "2007.12.07"]
[Round "5.4"]
[White "De Oliveira, Silvio"]
[Black "Rodriguez, Andrés"]
[Result "0-1"]
[WhiteElo "2286"]
[BlackElo "2541"]
[PlyCount "148"]
[EventDate "2007.12.04"]
[EventType "tourn"]
[EventRounds "9"]
[EventCountry "BRA"]
[EventCategory "7"]
[Source "lmi"]
[SourceDate "2007.12.04"]

1. e4 d6 2. d4 g6 3. Nc3 a6 4. Nf3 b5 5. Bd3 Bb7 6. O-O c5 7. dxc5 dxc5 8. a4
b4 9. Nd5 Bg7 10. Re1 Nd7 11. a5 Ngf6 12. Nxf6+ exf6 13. Bc4 O-O 14. Bd5 Qc8
15. Bf4 Rd8 16. Qe2 Bxd5 17. exd5 f5 18. Qc4 Bxb2 19. Rad1 Re8 20. d6 Bf6 21.
Bg5 Qc6 22. Bxf6 Rxe1+ 23. Rxe1 Nxf6 24. Ne5 Qd5 25. Qxd5 Nxd5 26. Nc6 Nf6 27.
Re7 Kf8 28. Rc7 Re8 29. f4 Re1+ 30. Kf2 Rd1 31. Ne5 Ne4+ 32. Ke3 Rxd6 33. Rxf7+
Kg8 34. Rd7 Rxd7 35. Nxd7 c4 36. Nb8 b3 37. cxb3 cxb3 38. Kd3 Nc5+ 39. Kc3 Kf7
40. Nc6 Ke6 41. Nb4 Kd6 42. Kb2 h6 43. g3 g5 44. Kc3 g4 45. Kb2 h5 46. Ka3 Ke6
47. Kb2 Kf7 48. Nd5 Nb7 49. Kxb3 Nxa5+ 50. Kc3 Nb7 51. Kd4 a5 52. Ke5 a4 53.
Kxf5 Nd6+ 54. Kg5 Ne4+ 55. Kf5 a3 56. Nb4 Nc3 57. Kg5 Nd5 58. Na2 Ke6 59. Kxh5
Kf5 60. Kh6 Ne3 61. Kh5 Nf1 62. Nb4 Nxh2 63. Kh4 Nf1 64. Nc2 a2 65. Nd4+ Kf6
66. Nb3 Nd2 67. Na1 Kf5 68. Kh5 Nf1 69. Kh4 Ne3 70. Nb3 Nc2 71. Kh5 a1=Q 72.
Nxa1 Nxa1 73. Kh6 Nc2 74. Kh7 Ne3 0-1

[Event "Festival de Xadrez Americana SP 2007"]
[Site "Sao Paulo BRA"]
[Date "2007.12.07"]
[Round "5.5"]
[White "Leitao, Rafael"]
[Black "Da Silva, Alessandro"]
[Result "1-0"]
[WhiteElo "2601"]
[BlackElo "2223"]
[PlyCount "83"]
[EventDate "2007.12.04"]
[EventType "tourn"]
[EventRounds "9"]
[EventCountry "BRA"]
[EventCategory "7"]
[Source "lmi"]
[SourceDate "2007.12.04"]

1. d4 d5 2. Nf3 e6 3. c4 c6 4. e3 f5 5. Ne5 Nf6 6. Bd3 Nbd7 7. f4 Bd6 8. O-O
O-O 9. b3 Qe7 10. a4 Ne4 11. a5 a6 12. Bxe4 dxe4 13. Nc3 Rd8 14. Qe1 Bb4 15.
Bd2 Nxe5 16. fxe5 Qc7 17. Nxe4 Bxd2 18. Nxd2 c5 19. Nf3 b6 20. axb6 Qxb6 21.
Qa5 Qxa5 22. Rxa5 Rb8 23. Rb1 cxd4 24. Nxd4 Bb7 25. Rc1 Kf7 26. Ra2 Rbc8 27. c5
f4 28. c6 Ke7 29. Rc4 fxe3 30. Kf1 Rxd4 31. Rxd4 Bxc6 32. Ke2 Bb5+ 33. Kxe3
Rc3+ 34. Kf4 Rxb3 35. Rc2 Kf7 36. Rc7+ Kg6 37. Re7 h6 38. h4 Rc3 39. Rxe6+ Kh5
40. Re7 g6 41. Rh7 Be2 42. e6 1-0

[Event "Festival de Xadrez Americana SP 2007"]
[Site "Sao Paulo BRA"]
[Date "2007.12.08"]
[Round "6.1"]
[White "Perdomo, Leandro"]
[Black "Da Silva, Alessandro"]
[Result "0-1"]
[WhiteElo "2391"]
[BlackElo "2223"]
[PlyCount "72"]
[EventDate "2007.12.04"]
[EventType "tourn"]
[EventRounds "9"]
[EventCountry "BRA"]
[EventCategory "7"]
[Source "lmi"]
[SourceDate "2007.12.04"]

1. g3 c5 2. Bg2 Nc6 3. c4 g6 4. Nc3 Bg7 5. e3 h5 6. h4 Nh6 7. Nge2 d6 8. a3 Bg4
9. f3 Bd7 10. e4 a6 11. d3 e6 12. Rb1 Rb8 13. Bf4 Qe7 14. b4 cxb4 15. axb4 b5
16. cxb5 axb5 17. Qd2 Ne5 18. O-O f6 19. Ra1 Nhf7 20. Nd4 g5 21. Be3 gxh4 22.
gxh4 Ng6 23. Ra7 Qd8 24. Bh3 f5 25. exf5 Nf4 26. Bxf4 Bxd4+ 27. Kh2 Bxa7 28.
fxe6 Bxe6 29. Re1 Ne5 30. Bxe5 dxe5 31. Rxe5 Rb6 32. Nd5 Bb8 33. Qc3 Qxd5 34.
Qc8+ Qd8 35. Qc5 Bxe5+ 36. Qxe5 Qd6 0-1

[Event "Festival de Xadrez Americana SP 2007"]
[Site "Sao Paulo BRA"]
[Date "2007.12.08"]
[Round "6.2"]
[White "Rodriguez, Andrés"]
[Black "Leitao, Rafael"]
[Result "1/2-1/2"]
[WhiteElo "2541"]
[BlackElo "2601"]
[PlyCount "26"]
[EventDate "2007.12.04"]
[EventType "tourn"]
[EventRounds "9"]
[EventCountry "BRA"]
[EventCategory "7"]
[Source "lmi"]
[SourceDate "2007.12.04"]

1. Nf3 d5 2. b3 Nf6 3. Bb2 c5 4. e3 e6 5. Bb5+ Bd7 6. Bxd7+ Nbxd7 7. O-O Be7 8.
d3 O-O 9. Nbd2 Qc7 10. c4 Rad8 11. Qe2 Rfe8 12. Rac1 dxc4 13. Nxc4 b5 1/2-1/2

[Event "Festival de Xadrez Americana SP 2007"]
[Site "Sao Paulo BRA"]
[Date "2007.12.08"]
[Round "6.3"]
[White "Tsuboi, Edson"]
[Black "De Oliveira, Silvio"]
[Result "0-1"]
[WhiteElo "2334"]
[BlackElo "2286"]
[PlyCount "112"]
[EventDate "2007.12.04"]
[EventType "tourn"]
[EventRounds "9"]
[EventCountry "BRA"]
[EventCategory "7"]
[Source "lmi"]
[SourceDate "2007.12.04"]

1. e4 c5 2. Nf3 d6 3. d4 cxd4 4. Nxd4 Nf6 5. Nc3 Nc6 6. Bg5 e6 7. Qd2 Be7 8.
O-O-O Nxd4 9. Qxd4 O-O 10. f4 Qa5 11. Bc4 Bd7 12. e5 dxe5 13. fxe5 Bc6 14. Bd2
Nd7 15. Nd5 Qd8 16. Nxe7+ Qxe7 17. Rhe1 Rfd8 18. Qg4 Nf8 19. Kb1 Ng6 20. Bd3
Qc5 21. Be3 Qa5 22. Bd2 Qc7 23. Bg5 Rd5 24. Bxg6 hxg6 25. Rxd5 Bxd5 26. Re3 b5
27. b3 a5 28. Re2 a4 29. Qb4 Rc8 30. Bc1 Qc6 31. g3 Bf3 32. Rf2 Be4 33. Qd2 Bf5
34. Ba3 Qe4 35. Re2 Qh1+ 36. Qc1 Qf3 37. Qe3 Qxe3 38. Rxe3 Rxc2 39. Ka1 Rxh2
40. Be7 Rc2 41. bxa4 bxa4 42. g4 Bxg4 43. Re4 Bf3 44. Rxa4 Bd5 45. Ra7 Rg2 46.
a4 g5 47. a5 g4 48. a6 Kh7 49. Kb1 Ra2 50. Bc5 Kg6 51. Ra8 Bxa8 52. Kxa2 Kf5
53. Kb2 Kxe5 54. Kc3 Kf4 55. Kd2 Kf3 56. Ke1 e5 0-1

[Event "Festival de Xadrez Americana SP 2007"]
[Site "Sao Paulo BRA"]
[Date "2007.12.08"]
[Round "6.4"]
[White "Cubas, Jose"]
[Black "Mekhitarian, Krikor"]
[Result "0-1"]
[WhiteElo "2448"]
[BlackElo "2428"]
[PlyCount "108"]
[EventDate "2007.12.04"]
[EventType "tourn"]
[EventRounds "9"]
[EventCountry "BRA"]
[EventCategory "7"]
[Source "lmi"]
[SourceDate "2007.12.04"]

1. e4 e6 2. d4 d5 3. e5 c5 4. c3 Nc6 5. Nf3 Bd7 6. Be2 f6 7. O-O cxd4 8. cxd4
fxe5 9. Nxe5 Nxe5 10. dxe5 Bc5 11. Nd2 Ne7 12. Bh5+ g6 13. Nb3 Bb6 14. Bg5 O-O
15. Bg4 Qe8 16. Nd4 Nc6 17. Nf3 Rf7 18. h4 Qf8 19. a3 h5 20. Bh3 Rxf3 21. gxf3
Nxe5 22. Kg2 Qf7 23. Re1 Nc6 24. Qd3 Kh7 25. f4 Rf8 26. Re2 Bc7 27. Rae1 Bxf4
28. Bxf4 Qxf4 29. Qg3 Nd4 30. Re3 Nc2 31. Qxf4 Rxf4 32. Kg3 Rf7 33. Bxe6 Bxe6
34. Rxe6 Nxe1 35. Rxe1 Kg7 36. Rd1 Rd7 37. Kf4 Kf6 38. Rd3 d4 39. b3 Rd8 40. b4
b5 41. Ke4 g5 42. Rf3+ Kg6 43. Rg3 g4 44. Rd3 Kf6 45. Kf4 Ke6 46. Ke4 Rd7 47.
Rd2 d3 48. Kf4 Rd4+ 49. Kg5 Kd5 50. Rd1 Ke4 51. Kxh5 Kf3 52. Rd2 g3 53. fxg3
Kxg3 54. Kg5 Kf3 0-1

[Event "Festival de Xadrez Americana SP 2007"]
[Site "Sao Paulo BRA"]
[Date "2007.12.08"]
[Round "6.5"]
[White "Fier, Alexandr"]
[Black "Stamenkovic, Dragan"]
[Result "1-0"]
[WhiteElo "2516"]
[BlackElo "2417"]
[PlyCount "61"]
[EventDate "2007.12.04"]
[EventType "tourn"]
[EventRounds "9"]
[EventCountry "BRA"]
[EventCategory "7"]
[Source "lmi"]
[SourceDate "2007.12.04"]

1. e4 c5 2. Nf3 Nf6 3. Nc3 d5 4. exd5 Nxd5 5. Bb5+ Bd7 6. Bc4 Nf6 7. d4 cxd4 8.
Qxd4 e6 9. Bg5 Nc6 10. Qh4 Be7 11. O-O-O a6 12. Rhe1 Qa5 13. Ne4 Nxe4 14. Rxe4
Qc5 15. Qg3 O-O-O 16. Be3 Qa5 17. Bd2 Qh5 18. Be2 f6 19. Ne5 Qf5 20. Nxd7 Rxd7
21. Rc4 Bd6 22. Qc3 Qe5 23. Rxc6+ bxc6 24. Qxc6+ Kd8 25. Qa8+ Bb8 26. Ba5+ Ke7
27. Bb4+ Ke8 28. Qc6 Qf4+ 29. Kb1 Qc7 30. Qxe6+ Kd8 31. Be7+ 1-0

[Event "Festival de Xadrez Americana SP 2007"]
[Site "Sao Paulo BRA"]
[Date "2007.12.09"]
[Round "7.1"]
[White "Stamenkovic, Dragan"]
[Black "Perdomo, Leandro"]
[Result "1/2-1/2"]
[WhiteElo "2417"]
[BlackElo "2391"]
[PlyCount "96"]
[EventDate "2007.12.04"]
[EventType "tourn"]
[EventRounds "9"]
[EventCountry "BRA"]
[EventCategory "7"]
[Source "lmi"]
[SourceDate "2007.12.04"]

1. d4 Nf6 2. Bg5 Ne4 3. Bf4 d5 4. Nd2 Bf5 5. e3 e6 6. Bd3 Bd6 7. Bxe4 dxe4 8.
Ne2 Nc6 9. Bg3 h5 10. h4 Qf6 11. c3 O-O-O 12. Qc2 Qg6 13. O-O-O Kb8 14. a3 Bg4
15. f3 exf3 16. gxf3 Qxc2+ 17. Kxc2 Bf5+ 18. e4 Bg6 19. Rhg1 e5 20. Nc4 exd4
21. Nxd6 cxd6 22. Nxd4 Ne5 23. Kc1 a6 24. f4 Ng4 25. f5 Bh7 26. Nf3 Rhe8 27.
Rd4 f6 28. Bxd6+ Ka8 29. c4 g6 30. fxg6 Bxg6 31. e5 fxe5 32. Bxe5 Rc8 33. Re1
b5 34. b3 bxc4 35. Rxc4 Rxc4+ 36. bxc4 Rc8 37. Nd2 Nf2 38. Re3 Ng4 39. Re1 Nf2
40. Re2 Nd3+ 41. Kd1 Bf5 42. Re3 Nf2+ 43. Kc1 Ng4 44. Re1 Nf2 45. Rf1 Nd3+ 46.
Kb1 Bh3 47. Rf3 Nxe5 48. Rxh3 Nxc4 1/2-1/2

[Event "Festival de Xadrez Americana SP 2007"]
[Site "Sao Paulo BRA"]
[Date "2007.12.09"]
[Round "7.2"]
[White "Mekhitarian, Krikor"]
[Black "Fier, Alexandr"]
[Result "1-0"]
[WhiteElo "2448"]
[BlackElo "2516"]
[PlyCount "65"]
[EventDate "2007.12.04"]
[EventType "tourn"]
[EventRounds "9"]
[EventCountry "BRA"]
[EventCategory "7"]
[Source "lmi"]
[SourceDate "2007.12.04"]

1. e4 c5 2. Nf3 d6 3. d4 cxd4 4. Nxd4 Nf6 5. Nc3 a6 6. Be3 e6 7. g4 e5 8. Nf5
g6 9. Bg2 gxf5 10. exf5 d5 11. Nxd5 Nxd5 12. Bxd5 Nc6 13. c3 h5 14. Qb3 Qf6 15.
h3 hxg4 16. hxg4 Rxh1+ 17. Bxh1 Bd7 18. Qxb7 Rb8 19. Qxa6 Rxb2 20. Rd1 e4 21.
Bxe4 Qxc3+ 22. Kf1 Qa3 23. Qxc6 Bxc6 24. Bxc6+ Ke7 25. Bg5+ f6 26. Rd7+ Ke8 27.
Ra7+ Kd8 28. Bxf6+ Kc8 29. Bd7+ Kb8 30. Rxa3 Rb1+ 31. Kg2 Bxa3 32. Be5+ Kb7 33.
g5 1-0

[Event "Festival de Xadrez Americana SP 2007"]
[Site "Sao Paulo BRA"]
[Date "2007.12.09"]
[Round "7.3"]
[White "De Oliveira, Silvio"]
[Black "Cubas, Jose"]
[Result "1/2-1/2"]
[WhiteElo "2286"]
[BlackElo "2448"]
[PlyCount "151"]
[EventDate "2007.12.04"]
[EventType "tourn"]
[EventRounds "9"]
[EventCountry "BRA"]
[EventCategory "7"]
[Source "lmi"]
[SourceDate "2007.12.04"]

1. e4 d5 2. exd5 Qxd5 3. Nc3 Qa5 4. Nf3 Nf6 5. d4 Ne4 6. Bd3 Nxc3 7. bxc3 g6 8.
O-O Bg7 9. Re1 O-O 10. Bd2 e6 11. c4 Qa4 12. Qe2 c5 13. c3 Nc6 14. Qe4 e5 15.
Nxe5 Nxe5 16. dxe5 Bf5 17. Qf3 Bxd3 18. Qxd3 Rfd8 19. Qe2 Bxe5 20. Qxe5 Rxd2
21. Qxc5 b6 22. Qe3 Rxa2 23. Rxa2 Qxa2 24. c5 bxc5 25. Qxc5 a5 26. h4 a4 27. h5
Qd2 28. Ra1 a3 29. Qc6 Rb8 30. hxg6 hxg6 31. Qa4 Qxc3 32. Rxa3 Qe1+ 33. Kh2
Qxf2 34. Rf3 Qc5 35. Qf4 Qa7 36. Qe5 Rf8 37. Qf6 Qb8+ 38. Kh1 Qd8 39. Qf4 Qd5
40. Qf6 Re8 41. Rh3 Re1+ 42. Kh2 Qe5+ 43. Qxe5 Rxe5 44. Ra3 Kg7 45. Ra7 g5 46.
Kg3 Re3+ 47. Kf2 Rb3 48. g4 Rb6 49. Kg2 Kf6 50. Ra5 Re6 51. Rf5+ Kg6 52. Ra5
Re7 53. Kf2 f6 54. Kf3 Kf7 55. Ra6 Rc7 56. Kf2 Ke7 57. Kf3 Rc4 58. Kg3 Rc3+ 59.
Kf2 Rd3 60. Kg2 Rd6 61. Ra5 Ke6 62. Kf3 Rd5 63. Ra3 Rd4 64. Ra6+ Ke5 65. Ra5+
Rd5 66. Ra3 Rc5 67. Re3+ Kd5 68. Rd3+ Ke5 69. Re3+ Kd4 70. Re6 Rc3+ 71. Kg2
Rc2+ 72. Kf3 Rc1 73. Kf2 Rc2+ 74. Kf3 Rc1 75. Kf2 Rc2+ 76. Kf3 1/2-1/2

[Event "Festival de Xadrez Americana SP 2007"]
[Site "Sao Paulo BRA"]
[Date "2007.12.09"]
[Round "7.4"]
[White "Leitao, Rafael"]
[Black "Tsuboi, Edson"]
[Result "1-0"]
[WhiteElo "2601"]
[BlackElo "2334"]
[PlyCount "67"]
[EventDate "2007.12.04"]
[EventType "tourn"]
[EventRounds "9"]
[EventCountry "BRA"]
[EventCategory "7"]
[Source "lmi"]
[SourceDate "2007.12.04"]

1. d4 Nf6 2. c4 e6 3. Nc3 Bb4 4. Qc2 O-O 5. a3 Bxc3+ 6. Qxc3 b6 7. Bg5 Bb7 8.
e3 d6 9. Ne2 Nbd7 10. Qc2 h6 11. Bh4 c5 12. Rd1 Qe7 13. Nc3 cxd4 14. Rxd4 Ne5
15. Be2 Ng6 16. Bxf6 Qxf6 17. O-O Rfd8 18. Rfd1 Rac8 19. Rxd6 Rxd6 20. Rxd6 Nh4
21. e4 Ng6 22. Qa4 Nf4 23. Bf1 Qg6 24. g3 Bxe4 25. Nxe4 Qxe4 26. gxf4 Qxf4 27.
Qd1 Rc5 28. Rd3 h5 29. Qf3 Qg5+ 30. Kh1 Qc1 31. Rd1 Qxb2 32. Rd8+ Kh7 33. Qxf7
Qe5 34. Bd3+ 1-0

[Event "Festival de Xadrez Americana SP 2007"]
[Site "Sao Paulo BRA"]
[Date "2007.12.09"]
[Round "7.5"]
[White "Da Silva, Alessandro"]
[Black "Rodriguez, Andrés"]
[Result "0-1"]
[WhiteElo "2223"]
[BlackElo "2541"]
[PlyCount "78"]
[EventDate "2007.12.04"]
[EventType "tourn"]
[EventRounds "9"]
[EventCountry "BRA"]
[EventCategory "7"]
[Source "lmi"]
[SourceDate "2007.12.04"]

1. e4 d6 2. d4 g6 3. Nc3 a6 4. f4 b5 5. Bd3 Bb7 6. Nf3 Nd7 7. e5 Bg7 8. Be3 Nh6
9. Be4 Qc8 10. O-O Nb6 11. Qe2 Nf5 12. Bf2 b4 13. Bxb7 Qxb7 14. Ne4 O-O 15. g4
Nh6 16. Nfg5 Qd5 17. Rac1 Qc4 18. Qf3 f6 19. exf6 exf6 20. Nh3 Nxg4 21. Nxd6
cxd6 22. Qxg4 f5 23. Qd1 Qxa2 24. b3 Nd5 25. Ra1 Qb2 26. Ra5 Nc3 27. Qd3 Ne4
28. Be3 Rac8 29. c4 Nc3 30. c5 d5 31. Qxa6 Rfe8 32. Bf2 Ne2+ 33. Kg2 Qc2 34.
Re1 Qe4+ 35. Kf1 Qh1+ 36. Ng1 Nxf4 37. Re5 Bxe5 38. dxe5 Qg2+ 39. Ke1 Rxe5+ 0-1

[Event "Festival de Xadrez Americana SP 2007"]
[Site "Sao Paulo BRA"]
[Date "2007.12.10"]
[Round "8.1"]
[White "Perdomo, Leandro"]
[Black "Rodriguez, Andrés"]
[Result "1/2-1/2"]
[WhiteElo "2391"]
[BlackElo "2541"]
[PlyCount "131"]
[EventDate "2007.12.04"]
[EventType "tourn"]
[EventRounds "9"]
[EventCountry "BRA"]
[EventCategory "7"]
[Source "lmi"]
[SourceDate "2007.12.04"]

1. d4 d6 2. e4 g6 3. c4 e5 4. d5 c5 5. Nc3 h5 6. Bd3 Bh6 7. Bxh6 Nxh6 8. Qd2 a6
9. h3 Nd7 10. Nf3 f6 11. Nh4 Nf8 12. g3 Bd7 13. f4 Qc8 14. fxe5 fxe5 15. Qg5
Nf7 16. Qf6 Qd8 17. Qxd8+ Rxd8 18. Kf1 Ng5 19. Kg2 Kf7 20. Nf3 Nxf3 21. Raf1
Nh7 22. Rxf3+ Ke7 23. h4 Rdf8 24. Rxf8 Rxf8 25. Rf1 Nf6 26. Nd1 b5 27. Ne3 Rb8
28. b3 a5 29. cxb5 Bxb5 30. Bxb5 Rxb5 31. Kf3 a4 32. Rb1 axb3 33. Rxb3 Ra5 34.
Rb7+ Kf8 35. Rb8+ Ke7 36. Rb7+ Kd8 37. Rf7 Ng4 38. Nxg4 hxg4+ 39. Kxg4 Ra4 40.
Rf6 Kc7 41. Rxg6 c4 42. Rg7+ Kb6 43. Rd7 Kc5 44. h5 c3 45. Kf5 Kd4 46. Rc7 Rxa2
47. g4 Rh2 48. Rc6 Rh3 49. g5 Rxh5 50. Rxd6 Rh8 51. Rc6 Rf8+ 52. Ke6 Rg8 53. d6
Kxe4 54. Rxc3 Rg6+ 55. Ke7 Rxg5 56. Rc1 Rg7+ 57. Kf6 Rh7 58. Rc7 Rh6+ 59. Ke7
Rh7+ 60. Ke8 Rh8+ 61. Ke7 Kf4 62. d7 e4 63. Rc6 e3 64. Rf6+ Kg3 65. Re6 Kf2 66.
Kd6 1/2-1/2

[Event "Festival de Xadrez Americana SP 2007"]
[Site "Sao Paulo BRA"]
[Date "2007.12.10"]
[Round "8.2"]
[White "Tsuboi, Edson"]
[Black "Da Silva, Alessandro"]
[Result "1-0"]
[WhiteElo "2334"]
[BlackElo "2223"]
[PlyCount "65"]
[EventDate "2007.12.04"]
[EventType "tourn"]
[EventRounds "9"]
[EventCountry "BRA"]
[EventCategory "7"]
[Source "lmi"]
[SourceDate "2007.12.04"]

1. e4 c5 2. Nf3 d6 3. d4 cxd4 4. Nxd4 Nf6 5. Nc3 g6 6. Be3 Bg7 7. f3 O-O 8. Qd2
Nc6 9. O-O-O d5 10. exd5 Nxd5 11. Nxc6 bxc6 12. Bd4 Bxd4 13. Qxd4 Qc7 14. Bc4
e5 15. Qd2 Be6 16. Ne4 Rad8 17. g4 Nf4 18. Qc3 Bxc4 19. Qxc4 Ne6 20. Rxd8 Rxd8
21. Re1 Kg7 22. h4 Rd4 23. Qc3 Nf4 24. g5 Qd7 25. b3 Qd8 26. Kb2 Qd7 27. Nf6
Qe6 28. Qc5 Nd5 29. Ng4 Rf4 30. Rxe5 Qd7 31. Re2 Rxg4 32. fxg4 Qxg4 33. Re8 1-0

[Event "Festival de Xadrez Americana SP 2007"]
[Site "Sao Paulo BRA"]
[Date "2007.12.10"]
[Round "8.3"]
[White "Cubas, Jose"]
[Black "Leitao, Rafael"]
[Result "1/2-1/2"]
[WhiteElo "2448"]
[BlackElo "2601"]
[PlyCount "111"]
[EventDate "2007.12.04"]
[EventType "tourn"]
[EventRounds "9"]
[EventCountry "BRA"]
[EventCategory "7"]
[Source "lmi"]
[SourceDate "2007.12.04"]

1. e4 d6 2. d4 g6 3. Nc3 Bg7 4. Be3 a6 5. f3 b5 6. Qd2 Nd7 7. h4 h5 8. Nh3 Bb7
9. Ng5 c5 10. dxc5 dxc5 11. O-O-O Nh6 12. Kb1 Bc6 13. Nd5 e6 14. Nf4 Qf6 15.
Qc1 O-O-O 16. Be2 Nb6 17. Rxd8+ Qxd8 18. Rd1 Qe7 19. Ngxe6 fxe6 20. Nxg6 Qe8
21. Nxh8 Na4 22. Bg5 Bxb2 23. Qf4 Bxh8 24. Rd3 c4 25. Ra3 Nf7 26. Bf6 Qf8 27.
Rxa4 bxa4 28. Bxh8 Qb4+ 29. Kc1 Nxh8 30. Qf6 Qe1+ 31. Bd1 Qe3+ 32. Kb1 Qb6+ 33.
Kc1 Qe3+ 34. Kb1 c3 35. Qxh8+ Kc7 36. Qg7+ Bd7 37. Qe5+ Kb7 38. Qd6 Bc6 39.
Qe7+ Kb6 40. Qd8+ Ka7 41. Qc7+ Bb7 42. Qd6 a5 43. a3 e5 44. Qc7 Qd2 45. Qxa5+
Kb8 46. Qxe5+ Kc8 47. Qc5+ Kb8 48. Qe5+ Ka7 49. Ka2 Qxd1 50. Qxc3 Qe2 51. Kb2
Qxg2 52. Qa5+ Kb8 53. Qd8+ Ka7 54. Qa5+ Kb8 55. Qd8+ Ka7 56. Qa5+ 1/2-1/2

[Event "Festival de Xadrez Americana SP 2007"]
[Site "Sao Paulo BRA"]
[Date "2007.12.10"]
[Round "8.4"]
[White "Fier, Alexandr"]
[Black "De Oliveira, Silvio"]
[Result "1-0"]
[WhiteElo "2516"]
[BlackElo "2286"]
[PlyCount "79"]
[EventDate "2007.12.04"]
[EventType "tourn"]
[EventRounds "9"]
[EventCountry "BRA"]
[EventCategory "7"]
[Source "lmi"]
[SourceDate "2007.12.04"]

1. e4 c5 2. Nf3 Nc6 3. d4 cxd4 4. Nxd4 Nf6 5. Nc3 d6 6. Bg5 e6 7. Qd2 Be7 8.
O-O-O Nxd4 9. Qxd4 O-O 10. f4 Qa5 11. Kb1 Rd8 12. h4 Bd7 13. Qd2 Qc7 14. Bd3 a6
15. h5 b5 16. g4 Be8 17. Bxf6 Bxf6 18. Ne2 Be7 19. g5 Bc6 20. Ng3 Bf8 21. Qf2
Bb7 22. f5 Qc5 23. Qf3 exf5 24. Nxf5 Qe5 25. Rdf1 Kh8 26. g6 d5 27. Ng3 dxe4
28. Bxe4 Bxe4 29. Nxe4 h6 30. gxf7 Ra7 31. Nf2 Rdd7 32. Nd3 Qc7 33. Nf4 Rxf7
34. Ng6+ Kg8 35. Qd5 Qc4 36. Qg2 Rad7 37. Rxf7 Qxf7 38. Rf1 Be7 39. a3 Qe6 40.
Qa8+ 1-0

[Event "Festival de Xadrez Americana SP 2007"]
[Site "Sao Paulo BRA"]
[Date "2007.12.10"]
[Round "8.5"]
[White "Stamenkovic, Dragan"]
[Black "Mekhitarian, Krikor"]
[Result "1/2-1/2"]
[WhiteElo "2417"]
[BlackElo "2428"]
[PlyCount "104"]
[EventDate "2007.12.04"]
[EventType "tourn"]
[EventRounds "9"]
[EventCountry "BRA"]
[EventCategory "7"]
[Source "lmi"]
[SourceDate "2007.12.04"]

1. d4 Nf6 2. Bg5 e6 3. Nf3 c5 4. e3 cxd4 5. exd4 Be7 6. c3 b6 7. Nbd2 Bb7 8.
Bd3 d6 9. a4 a6 10. O-O Nbd7 11. Nc4 Qc7 12. Re1 O-O 13. Nfd2 Rfe8 14. Qc2 Bf8
15. Ne3 g6 16. Ne4 Nxe4 17. Bxe4 Bxe4 18. Qxe4 f5 19. Qh4 Bg7 20. Bh6 Nf6 21.
Bxg7 Kxg7 22. g4 fxg4 23. Nxg4 Nh5 24. Qg5 Qf7 25. h4 Nf4 26. Re3 h5 27. Qh6+
Kg8 28. Nh2 Rf8 29. Qg5 Qf5 30. Qxf5 Rxf5 31. Ra3 Raf8 32. Rb3 b5 33. axb5 Rxb5
34. Rxb5 axb5 35. Rf3 Rf7 36. Nf1 Kf8 37. Nd2 Ke7 38. Kf1 e5 39. dxe5 dxe5 40.
Re3 Kd6 41. c4 Ra7 42. b3 Ra1+ 43. Re1 Rxe1+ 44. Kxe1 Ng2+ 45. Kf1 Nxh4 46.
cxb5 Kc5 47. b6 Kxb6 48. Nc4+ Kc5 49. Nxe5 g5 50. Nd7+ Kb4 51. Nf6 Kxb3 52.
Nxh5 Kc4 1/2-1/2

[Event "Festival de Xadrez Americana SP 2007"]
[Site "Sao Paulo BRA"]
[Date "2007.12.11"]
[Round "9.1"]
[White "Mekhitarian, Krikor"]
[Black "Perdomo, Leandro"]
[Result "1-0"]
[WhiteElo "2428"]
[BlackElo "2391"]
[PlyCount "91"]
[EventDate "2007.12.04"]
[EventType "tourn"]
[EventRounds "9"]
[EventCountry "BRA"]
[EventCategory "7"]
[Source "lmi"]
[SourceDate "2007.12.04"]

1. e4 e5 2. Nf3 Nc6 3. Bb5 a6 4. Ba4 Nf6 5. O-O Be7 6. Re1 b5 7. Bb3 O-O 8. c3
d5 9. exd5 Nxd5 10. Nxe5 Nxe5 11. Rxe5 Bb7 12. d4 Bf6 13. Re1 Re8 14. Nd2 Nf4
15. Nf3 Bxf3 16. gxf3 Bg5 17. Re4 Qd6 18. Kh1 Kf8 19. Be3 f5 20. Re5 Rxe5 21.
dxe5 Qc6 22. Bxf4 Rd8 23. Bxg5 Rxd1+ 24. Bxd1 f4 25. Be2 Qc5 26. Bxf4 Qxf2 27.
Bf1 Qxb2 28. Re1 g5 29. Bxg5 Qf2 30. Rc1 Qxf3+ 31. Bg2 Qe2 32. Rf1+ Kg7 33. Bh4
Qxe5 34. Bf6+ Qxf6 35. Rxf6 Kxf6 36. Be4 h6 37. Kg2 Ke5 38. Kf3 c5 39. Ke3 Kd6
40. Kf4 c4 41. Kf5 a5 42. a3 a4 43. h4 h5 44. Bf3 Kc5 45. Bxh5 b4 46. cxb4+ 1-0

[Event "Festival de Xadrez Americana SP 2007"]
[Site "Sao Paulo BRA"]
[Date "2007.12.11"]
[Round "9.2"]
[White "De Oliveira, Silvio"]
[Black "Stamenkovic, Dragan"]
[Result "0-1"]
[WhiteElo "2286"]
[BlackElo "2417"]
[PlyCount "136"]
[EventDate "2007.12.04"]
[EventType "tourn"]
[EventRounds "9"]
[EventCountry "BRA"]
[EventCategory "7"]
[Source "lmi"]
[SourceDate "2007.12.04"]

1. e4 c5 2. Nf3 Nf6 3. e5 Nd5 4. d4 cxd4 5. Qxd4 e6 6. Bc4 Nc6 7. Qe4 f5 8. Qe2
Nde7 9. h4 a6 10. c3 Qc7 11. O-O Ng6 12. Re1 Ngxe5 13. Nxe5 Nxe5 14. Bxe6 dxe6
15. Qxe5 Qxe5 16. Rxe5 Be7 17. Bg5 Bd6 18. Re1 f4 19. Re4 Rf8 20. g3 fxg3 21.
fxg3 Bxg3 22. Nd2 Bf2+ 23. Kg2 Bd7 24. Be3 Bxe3 25. Rxe3 O-O-O 26. Nb3 Bc6+ 27.
Kg3 Rf6 28. Nd4 Rg6+ 29. Kh3 Rf8 30. Rae1 Bg2+ 31. Kh2 Bd5 32. Kh3 Rf2 33. R3e2
Rxe2 34. Rxe2 Bxa2 35. h5 Rf6 36. Kg4 Bd5 37. c4 Bc6 38. b4 Kd7 39. Re5 h6 40.
Re3 Kd6 41. Ne2 e5 42. Rd3+ Ke6 43. Re3 Bd7 44. Kg3 Be8 45. Kg4 Rf1 46. Nd4+
Kf6 47. Nf3 e4 48. Nd2 Rg1+ 49. Kf4 Bc6 50. Nxe4+ Bxe4 51. Rxe4 Rg5 52. Rd4
Rxh5 53. Rd6+ Kf7 54. Rd7+ Kg6 55. Ke4 Rh4+ 56. Kd5 b5 57. Rd6+ Kg5 58. cxb5
axb5 59. Kc5 h5 60. Kxb5 Rh1 61. Kc6 Rc1+ 62. Kd7 Rb1 63. Rd5+ Kh4 64. b5 g5
65. Ke6 g4 66. Kf5 g3 67. Kg6 g2 68. Rxh5+ Kg3 0-1

[Event "Festival de Xadrez Americana SP 2007"]
[Site "Sao Paulo BRA"]
[Date "2007.12.11"]
[Round "9.4"]
[White "Da Silva, Alessandro"]
[Black "Cubas, Jose"]
[Result "0-1"]
[WhiteElo "2223"]
[BlackElo "2448"]
[PlyCount "102"]
[EventDate "2007.12.04"]
[EventType "tourn"]
[EventRounds "9"]
[EventCountry "BRA"]
[EventCategory "7"]
[Source "lmi"]
[SourceDate "2007.12.04"]

1. e4 c5 2. Nf3 a6 3. c4 d6 4. d4 Bg4 5. dxc5 Qa5+ 6. Nc3 Bxf3 7. Qxf3 dxc5 8.
Bd2 e6 9. Bd3 Nc6 10. Qg3 Qb6 11. O-O O-O-O 12. Rfd1 Nge7 13. Na4 Qc7 14. Qxc7+
Kxc7 15. Be3 b6 16. a3 Nd4 17. Bf4+ Kb7 18. b4 cxb4 19. axb4 Ng6 20. Be3 Bxb4
21. Rab1 a5 22. e5 Nxe5 23. Be4+ Ndc6 24. Rxd8 Rxd8 25. Bxb6 Rd2 26. Bxa5 Ka6
27. Bxb4 Nxb4 28. f4 Ned3 29. g3 f5 30. Bg2 Ra2 31. Nc3 Rc2 32. Rb3 Kb6 33.
Na4+ Ka5 34. Nc3 Kb6 35. Na4+ Kc7 36. Bf1 Ra2 37. Nc3 Ra1 38. Kg2 Kc6 39. Nb1
Ra2+ 40. Kg1 Ne1 41. Re3 Nbc2 42. Rxe6+ Kd7 43. Re2 Ra1 44. Nc3 Kc6 45. Nd5 Kc5
46. Ne3 Nd4 47. Rb2 Nd3 48. Rb8 Nf3+ 49. Kh1 Ra2 50. Rc8+ Kd6 51. Nxf5+ Kd7 0-1